00234nam a2200085Ia 4500245002600000100005500026942000700081008004100088999001900129 0aReenboog oor Voetpad  a GRIESSEL. Nita Pretoria. 1995 2de uitg 99515 cBK210825s9999 xx 000 0 und d c480740d480739